El tesoro del molino viejo / (Registro nro. 11625)

Detalles MARC
000 -LIDER
fixed length control field 01119nam a22003617a 4500
001 - NÚMERO DE CONTROL
Identificador de número de control 053
003 - IDENTIFICACDOR DE NÚMERO DE CONTROL
control field DO-SdBNP
005 - DATE AND TIME OF LATEST TRANSACTION
control field 20180220153511.0
007 - CAMPOS FIJOS DE DESCRIPCIÓN FÍSICA
fixed length control field 053
008 - ELEMENTOS DE LONGITUD FIJA
fixed length control field 151005b1995 sp 00| 0 spa d
020 ## - ISBN
International Standard Book Number 8434810050
040 ## - FUENTE DE CATALOGACIÓN
Agencia que crea de manera original el registro BPMSU
Idioma de catalogación spa
Agencia que realiza la transcripción BPMSU
082 ## - NÚMERO DE CLASIFICACIÓN DECIMAL DE DEWEY
Classification number 833.91
Item number V152t
092 ## - LOCALLY ASSIGNED DEWEY DECIMAL CALL NUMBER
Número de clasificación
Número de ítem (Cutter)
100 1# - ASIENTO PRINCIPAL -- NOMBRE PERSONAL
Nombre personal Valencak, Hannelore,
Fechas asociadas con el nombre 1929-
240 10 - TITULO UNIFORME
Título uniforme Regenzauber /
Idioma de una obra Español
245 10 - MENCIÓN DE TITULO
Título El tesoro del molino viejo /
Mención de responsabilidad Hannelore Valencak ; ilustración A. Tello ; traducción Manuel Olasagasti ; colección dirigida por Marinella Terzi
250 ## - MENCIÓN DE EDICION
Mención de edición 17a. ed.
260 ## - PUBLICACIÓN, DISTRIBUCIÓN, ETC. (PIE DE IMPRENTA)
Lugar de publicación, distribución, etc Madrid :
Nombre del editor, distribuidor, etc. Ediciones SM,
Fecha de publicación, distribución, etc 1995
300 ## - DESCRIPCIÓN FÍSICA
Extensión 173 p. :
Otros detalles físicos il. ;
Dimensiones 20 cm.
490 1# - MENCIÓN DE SERIES
Mención de serie El barco de vapor.
-- Serie roja ;
Volume/sequential designation 8
500 ## - NOTA GENERAL
Nota general A partir de 12 años
586 ## - AWARDS NOTE
Awards note Premio A. M. A. D. E.
650 ## - ENCABEZAMIENTO DE MATERIA--TEMÁTICO
Término temático o nombre geográfico como elemento de entrada NOVELA JUVENIL AUSTRALIANA
700 12 - ASIENTO SECUNDARIO -- NOMBRE PERSONAL
Nombre personal Tello, A.
Mención de responsabilidad il.
700 12 - ASIENTO SECUNDARIO -- NOMBRE PERSONAL
Nombre personal Olasagasti, Manuel
Mención de responsabilidad trad.
700 12 - ASIENTO SECUNDARIO -- NOMBRE PERSONAL
Nombre personal Terzi, Marinella
Mención de responsabilidad dir.
830 #0 - ASIENTO SECUNDARIO DE SERIE--TÍTULO UNIFORME
Título uniforme Barco de vapor
Número de la parte o sección de una obra 8
Nombre de la parte o sección de una obra Serie roja
910 ## - VALIDACIÓN
Validación 202
942 ## - ADDED ENTRY ELEMENTS (KOHA)
Source of classification or shelving scheme Dewey Decimal Classification
Koha item type Libros
945 ## - INFORMACIÓN DE PROCESAMIENTO LOCAL
Información de procesamiento local Inventariado, 2018 / BT
956 ## - LOCAL ELECTRONIC LOCATION AND ACCESS (OCLC)
Nombre de host VMATEO
Número de acceso 10
Información de compresión 20161020
Trayectoria BPMSU
Nombre Electrónico 0069
Existencias
Withdrawn status Lost status Source of classification or shelving scheme Damaged status Not for loan Collection code Home library Current library Date acquired Source of acquisition Total Checkouts Full call number Barcode Date last seen Price effective from Koha item type
    Dewey Decimal Classification     Colección Infantil General Biblioteca Pública Metropolitana Salomé Ureña Biblioteca Pública Metropolitana Salomé Ureña 10/20/2016 Sin sellar   833.91 V152t 1995 BPMSU16100297 10/20/2016 10/20/2016 Libros